000 00458 a2200169 4500
005 20260309152930.0
008 260309b |||||||| |||| 00| 0 eng d
020 _a9789819604135
040 _cSDCL
041 _2eng
_aeng
084 _aV2y7M69:g(y:1) R2
100 _aBindu Puri,
245 _aThe Ambedkar-Gandhi Debate :
_bOn Identity, Community and Justice
260 _aSingapore :
_bSpringer,
_c2025.
300 _axv, 266p.
942 _cTEXL
_2CC
999 _c1672554
_d1672554